000 00477nam a2200169Ia 4500
005 20250508162606.0
008 008 250505s9999 xx 000 0 eng d
037 _aTextual
040 _aFEDL
_beng
_cFEDL
041 _aeng
_2eng
084 _a170, VIV
_qFEDL
245 0 _aSwami Vivekananda on universal ethice and moral conduct
260 _aHyderabad, India
_bRamakrishna Math
300 _aii,77p
942 _cTEXL
_h170, VIV
999 _c1377526
_d1377526